MARC

LEADER 00000nam0a2200000 4500
001 252954
005 20231101232810.0
010 |a 5203002304 
035 |a (RuTPU)RU\TPU\book\275320 
090 |a 252954 
100 |a 20140306d1989 km y0rusy50 ca 
101 0 |a rus 
102 |a RU 
105 |a ac z 001zd 
200 1 |a Герои Халхин Гола  |f Н. М. Румянцев 
210 |a Москва  |c Воениздат  |d 1989 
215 |a 384 с.  |c ил. 
606 1 |a СССР  |x История  |z 1939-1941  |2 stltpush  |3 (RuTPU)RU\TPU\subj\66598  |9 82649 
610 1 |a Герои Советского Союза 
610 1 |a герои войны 
610 1 |a Халхин-гол 
610 1 |a военные действия 
610 1 |a милитаризм 
610 1 |a Япония 
686 |a Т3(2)621  |v LBC/SL-A  |2 rubbk 
700 1 |a Румянцев  |b Н. М.  |g Николай Михайлович 
801 1 |a RU  |b 63413507  |c 20140306 
801 2 |a RU  |b 63413507  |c 20140321  |g RCR 
942 |c BK